[Event "Tseshkovsky Mem 2014"]
[Site "Sochi RUS"]
[Date "2014.09.25"]
[Round "9.7"]
[White "Yakovich, Yuri"]
[Black "Brodsky, Michail"]
[Result "1/2-1/2"]
[WhiteTitle "GM"]
[BlackTitle "GM"]
[WhiteElo "2524"]
[BlackElo "2566"]
[WhiteFideId "4100654"]
[BlackFideId "14100932"]
[EventDate "2014.09.17"]

1. d4 Nf6 2. c4 e6 3. Nf3 b6 4. g3 Bb7 5. Bg2 Be7 6. O-O O-O 7. Nc3 Ne4 8. Nxe4
Bxe4 9. Ne1 Bxg2 10. Nxg2 d5 11. Qa4 dxc4 1/2-1/2

[Event "Tseshkovsky Mem 2014"]
[Site "Sochi RUS"]
[Date "2014.09.25"]
[Round "9.8"]
[White "Mozharov, Mikhail"]
[Black "Cherniaev, Alexander"]
[Result "1/2-1/2"]
[WhiteTitle "GM"]
[BlackTitle "GM"]
[WhiteElo "2555"]
[BlackElo "2458"]
[WhiteFideId "4189825"]
[BlackFideId "4117301"]
[EventDate "2014.09.17"]

1. d4 d6 2. Nf3 Nf6 3. c4 g6 4. g3 Bg7 5. Bg2 O-O 6. O-O Nbd7 7. Nc3 e5 8. h3
exd4 9. Nxd4 Re8 10. e3 Nc5 11. Qc2 a5 12. b3 Bd7 13. Bb2 Qc8 14. Kh2 Re5 15.
Nf3 Rh5 16. Ng1 Bf5 17. Qd2 Nfe4 18. Nxe4 Nxe4 19. Qe2 Bxb2 20. Qxb2 Bxh3 21.
Nxh3 Ng5 22. f3 Rxh3+ 23. Bxh3 Qxh3+ 24. Kg1 Qxg3+ 25. Qg2 Qh4 26. Qh2 Qxh2+ 27.
Kxh2 f5 28. Kg3 Re8 29. Kf2 Nh3+ 30. Kg3 Ng5 31. Kf2 Nh3+ 1/2-1/2

[Event "Tseshkovsky Mem 2014"]
[Site "Sochi RUS"]
[Date "2014.09.25"]
[Round "9.9"]
[White "Lugovskoy, Maxim"]
[Black "Panarin, Mikhail"]
[Result "0-1"]
[WhiteTitle "IM"]
[BlackTitle "GM"]
[WhiteElo "2390"]
[BlackElo "2555"]
[WhiteFideId "24126454"]
[BlackFideId "4153251"]
[EventDate "2014.09.17"]

1. d4 Nf6 2. Nc3 d5 3. Bf4 Bf5 4. f3 e6 5. g4 Bg6 6. h4 h5 7. g5 Nfd7 8. e3 Bd6
9. Nh3 Nc6 10. Bxd6 cxd6 11. Nf4 Ne7 12. Bd3 Bxd3 13. Qxd3 g6 14. e4 dxe4 15.
fxe4 a6 16. Rf1 Qa5 17. O-O-O Rc8 18. d5 e5 19. Ne6 Rh7 20. Kb1 Nb6 21. Rf3 Nc4
22. Rdf1 Qb4 23. b3 Na3+ 24. Kb2 b5 25. R1f2 Kd7 26. Nd1 fxe6 27. dxe6+ Kxe6 28.
c3 Qc5 29. Rf8 Kd7 30. Qh3+ Kc7 31. Qe6 Kb6 32. R2f6 Rxf8 33. Rxf8 Nc6 34. Qxg6
Rc7 35. Qf6 b4 36. g6 Nb5 37. Qf3 Ncd4 38. Qd3 bxc3+ 39. Nxc3 Qa3+ 0-1

[Event "Tseshkovsky Mem 2014"]
[Site "Sochi RUS"]
[Date "2014.09.25"]
[Round "9.11"]
[White "Rozhko, Dmitry"]
[Black "Shaposhnikov, Evgeny"]
[Result "0-1"]
[WhiteTitle "FM"]
[BlackTitle "GM"]
[WhiteElo "2337"]
[BlackElo "2536"]
[WhiteFideId "4150430"]
[BlackFideId "4122232"]
[EventDate "2014.09.17"]

1. d4 Nf6 2. Nf3 c5 3. e3 e6 4. c4 d5 5. Nc3 cxd4 6. exd4 Bb4 7. Bd3 dxc4 8.
Bxc4 O-O 9. O-O b6 10. Qd3 Bb7 11. Bg5 Nbd7 12. Rac1 Rc8 13. Ne2 Be7 14. Ba6
Rxc1 15. Rxc1 Be4 16. Qb5 Qa8 17. Ne5 Nxe5 18. dxe5 Nd5 19. Bxe7 Nxe7 20. Qb4
Ng6 21. f3 Bd5 22. Qc3 Qb8 23. f4 Nh4 24. Qc7 Qa8 25. Bb5 Bxg2 26. Bc6 Bxc6 27.
Qxc6 Qd8 28. Qd6 Qe8 29. Qc6 Qe7 30. Nd4 Qb4 31. Rd1 Qxb2 32. Qc2 Qxc2 33. Nxc2
Rc8 34. Rd7 Nf3+ 35. Kf2 Nxe5 0-1

[Event "Tseshkovsky Mem 2014"]
[Site "Sochi RUS"]
[Date "2014.09.25"]
[Round "9.14"]
[White "Nechaev, Oleg"]
[Black "Grishchenko, Sergey1"]
[Result "1/2-1/2"]
[BlackTitle "IM"]
[WhiteElo "2329"]
[BlackElo "2448"]
[WhiteFideId "24113409"]
[BlackFideId "4136730"]
[EventDate "2014.09.17"]

1. d4 Nf6 2. Nf3 e6 3. c4 c5 4. d5 b5 5. Bg5 exd5 6. cxd5 d6 7. e4 a6 8. a4 Be7
9. axb5 Nxe4 10. Bxe7 Qxe7 11. Be2 O-O 12. O-O Bb7 13. bxa6 Nxa6 14. Bxa6 Rxa6
15. Rxa6 Bxa6 16. Re1 f5 17. Nc3 Qb7 18. Nxe4 fxe4 19. Rxe4 Qxb2 20. Qe1 Bb7 21.
Re6 Bxd5 22. Rxd6 Bxf3 23. gxf3 Qb3 24. Qe5 Qb1+ 25. Kg2 Qf5 26. Qe4 Qg5+ 27.
Qg4 h6 28. Qxg5 hxg5 29. Rd5 Rc8 30. Kf1 c4 31. Ke2 c3 32. Kd1 c2+ 1/2-1/2

[Event "Tseshkovsky Mem 2014"]
[Site "Sochi RUS"]
[Date "2014.09.25"]
[Round "9.16"]
[White "Shandrygin, Nikita"]
[Black "Vastrukhin, Oleg"]
[Result "0-1"]
[WhiteElo "2124"]
[BlackElo "2383"]
[WhiteFideId "24198668"]
[BlackFideId "4192770"]
[EventDate "2014.09.17"]

1. e4 g6 2. d4 Bg7 3. Nc3 c6 4. f4 d5 5. e5 Nh6 6. Nf3 O-O 7. Be3 f6 8. h3 Be6
9. g4 c5 10. dxc5 Nc6 11. Nd4 Nxd4 12. Qxd4 fxe5 13. fxe5 Nf7 14. Bf4 Qc7 15.
Bg2 Nxe5 16. Nxd5 Qa5+ 17. Bd2 Qd8 18. Qe4 Rc8 19. Bc3 Bxd5 20. Qxd5+ e6 21.
Qxd8 Rfxd8 22. O-O Rxc5 23. Rad1 Nc6 24. Rxd8+ Nxd8 25. Rd1 Nf7 26. Bxg7 Kxg7
27. c3 Rc7 28. Re1 Kf6 29. Rf1+ Ke7 30. Kf2 Nd6 31. Ke2 b6 32. Kd3 Rd7 33. b3
Nf5+ 0-1

[Event "Tseshkovsky Mem 2014"]
[Site "Sochi RUS"]
[Date "2014.09.25"]
[Round "9.17"]
[White "Maksimov, Dmitri"]
[Black "Ivanov, Mikhail M"]
[Result "0-1"]
[BlackTitle "GM"]
[WhiteElo "2044"]
[BlackElo "2366"]
[WhiteFideId "24162477"]
[BlackFideId "4114906"]
[EventDate "2014.09.17"]

1. e4 c5 2. c3 Nf6 3. e5 Nd5 4. Nf3 Nc6 5. Bc4 Nb6 6. Bb3 c4 7. Bc2 d6 8. exd6
Qxd6 9. O-O g6 10. b3 Bg7 11. Na3 cxb3 12. axb3 O-O 13. d4 Bg4 14. h3 Bxf3 15.
Qxf3 Nd5 16. Bb2 Rfd8 17. Rfe1 a6 18. Nc4 Qc7 19. Be4 e6 20. Ne3 Nde7 21. Ba3
Rac8 22. Bc5 b6 23. Ba3 a5 24. Rec1 Rd7 25. Ra2 Qd8 26. Rd2 b5 27. Bxe7 Nxe7 28.
Rdc2 Qb6 29. d5 f5 30. dxe6 Qxe6 31. Bb7 Rb8 32. Ba8 Qxb3 33. c4 b4 34. Bc6 Nxc6
35. Qxc6 Rbd8 36. Nd5 Qd3 37. Qe6+ Kh8 0-1

[Event "Tseshkovsky Mem 2014"]
[Site "Sochi RUS"]
[Date "2014.09.25"]
[Round "9.20"]
[White "Papin, Vasily"]
[Black "Gubernatorov, Sergey"]
[Result "1/2-1/2"]
[WhiteTitle "GM"]
[BlackTitle "FM"]
[WhiteElo "2502"]
[BlackElo "2283"]
[WhiteFideId "4143183"]
[BlackFideId "4148215"]
[EventDate "2014.09.17"]

1. d4 Nf6 2. c4 g6 3. f3 c5 4. d5 b5 5. e4 d6 6. cxb5 a6 7. bxa6 Bg7 8. Bb5+
Nbd7 9. Ne2 Bxa6 10. Bxa6 Rxa6 11. O-O O-O 12. Nbc3 Qa8 13. b3 Rb8 14. Rb1 Ne8
15. Qc2 Nc7 16. Bb2 c4 17. Na4 cxb3 18. axb3 Nb5 19. Kh1 Bxb2 20. Qxb2 Nc5 21.
Nxc5 Ra2 22. Qc1 Rxe2 23. Ra1 Ra2 24. Na4 Rxa1 25. Qxa1 Qa7 26. Rd1 Qf2 27. Nc3
Nd4 28. Qa7 Rxb3 29. Qxd4 Qxd4 30. Rxd4 1/2-1/2

[Event "Tseshkovsky Mem 2014"]
[Site "Sochi RUS"]
[Date "2014.09.25"]
[Round "9.21"]
[White "Zakarian, David"]
[Black "Tekeyev, Zaur"]
[Result "0-1"]
[WhiteTitle "FM"]
[BlackTitle "FM"]
[WhiteElo "2400"]
[BlackElo "2300"]
[WhiteFideId "13301276"]
[BlackFideId "4199731"]
[EventDate "2014.09.17"]

1. d4 Nf6 2. c4 g6 3. Nc3 Bg7 4. e4 O-O 5. Nf3 d6 6. h3 Na6 7. Be3 c5 8. d5 e6
9. Bd3 exd5 10. exd5 Nb4 11. Bb1 b5 12. a3 Qa5 13. Nd2 bxc4 14. Nxc4 Qa6 15.
axb4 Qxa1 16. bxc5 Ba6 17. Ba2 Qxd1+ 18. Kxd1 dxc5 19. Kc2 Nd7 20. Rd1 Rfe8 21.
d6 Rab8 22. Na5 Rb6 23. Bd5 Rc8 24. Bf4 Rcb8 25. b3 c4 26. b4 Rxb4 27. Bc1 Ne5
28. Ba3 R4b6 29. Na4 Rb5 30. Nc6 Nxc6 31. Bxc6 Rb3 32. d7 Rxa3 33. d8=Q+ Rxd8
34. Rxd8+ Bf8 35. Nc5 Kg7 36. Nxa6 Rxa6 37. Bd5 Ra2+ 38. Kc3 Rxf2 39. Kxc4 a5
40. Ra8 Bb4 41. Ra7 Rf4+ 42. Kb5 h5 43. Rb7 g5 44. Ra7 Kg6 45. Ra6+ f6 46. Ra7
Kf5 47. Rh7 h4 48. Rh8 Rd4 49. Bb7 Kf4 50. Re8 Bd2 51. Rf8 Rb4+ 52. Kc6 Bc3 53.
Ba8 a4 54. Bb7 a3 55. Ra8 Bb2 56. Kc7 Rxb7+ 57. Kxb7 Kg3 58. Kc6 Kxg2 59. Kd5
Kxh3 0-1

[Event "Tseshkovsky Mem 2014"]
[Site "Sochi RUS"]
[Date "2014.09.25"]
[Round "9.22"]
[White "Smirnov, Timofey"]
[Black "Strutinskaia, Galina"]
[Result "1-0"]
[BlackTitle "WGM"]
[WhiteElo "2269"]
[BlackElo "2317"]
[WhiteFideId "24176427"]
[BlackFideId "4108558"]
[EventDate "2014.09.17"]

1. e4 c5 2. Nf3 e6 3. d4 cxd4 4. Nxd4 Nf6 5. Nc3 Nc6 6. Ndb5 d6 7. Bf4 e5 8. Bg5
a6 9. Na3 Be6 10. Nc4 Rc8 11. a4 Nd4 12. Ne3 Be7 13. Bd3 O-O 14. O-O Rc5 15.
Bxf6 Bxf6 16. Ncd5 Rc8 17. c3 Nc6 18. Be2 Bg5 19. Nc4 Rb8 20. Nxd6 Kh8 21. Nc4
f5 22. Bf3 b5 23. axb5 axb5 24. Nce3 g6 25. Ra6 Bd7 26. Qd3 Rf7 27. Rd1 Qf8 28.
Qe2 Bd8 29. Nc2 Bh4 30. exf5 gxf5 31. Ncb4 Rc8 32. Nxc6 Bxc6 33. Qxe5+ Qg7 34.
Qxg7+ Rxg7 35. g3 Bg5 36. Kg2 Be8 37. Re6 Rb8 38. Re5 Bf7 39. Nb4 h6 40. Bc6 Bf6
41. Re2 1-0

[Event "Tseshkovsky Mem 2014"]
[Site "Sochi RUS"]
[Date "2014.09.25"]
[Round "9.24"]
[White "Kudelya, Igor"]
[Black "Travkina, Anastasia"]
[Result "1-0"]
[WhiteTitle "FM"]
[BlackTitle "WFM"]
[WhiteElo "2312"]
[BlackElo "2208"]
[WhiteFideId "4177339"]
[BlackFideId "24129151"]
[EventDate "2014.09.17"]

1. e4 c5 2. Nf3 d6 3. d4 cxd4 4. Nxd4 Nf6 5. f3 e5 6. Nb3 Be7 7. c4 O-O 8. Nc3
Be6 9. Be3 Nc6 10. Be2 Rc8 11. Qd2 Nd7 12. O-O Nb6 13. Nd5 Bxd5 14. cxd5 Nb8 15.
Na5 Qd7 16. b3 Na6 17. Bxa6 bxa6 18. Nc6 f5 19. Rac1 Rce8 20. Qe2 Nc8 21. Qxa6
fxe4 22. fxe4 Qg4 23. Qd3 Bg5 24. Bxg5 Qxg5 25. Rce1 Rxf1+ 26. Rxf1 Rf8 27.
Rxf8+ Kxf8 28. Qc3 Ne7 29. Nxe7 Qxe7 30. Qc8+ Kf7 31. g3 g6 32. Qh8 Qg5 33.
Qxh7+ Ke8 34. Qg8+ Kd7 35. Qf7+ Kc8 36. Qe8+ Kc7 37. Qc6+ Kd8 38. Qxd6+ Kc8 39.
Qc6+ Kb8 40. Qc3 Qg4 41. Qxe5+ Kb7 42. Qd4 Qe2 43. d6 Qe1+ 44. Kg2 Qe2+ 45. Qf2 1-0

[Event "Tseshkovsky Mem 2014"]
[Site "Sochi RUS"]
[Date "2014.09.25"]
[Round "9.26"]
[White "Landa, Konstantin"]
[Black "Vishnjakova, Svetlana"]
[Result "1-0"]
[WhiteTitle "GM"]
[BlackTitle "WFM"]
[WhiteElo "2670"]
[BlackElo "2123"]
[WhiteFideId "4101685"]
[BlackFideId "4147219"]
[EventDate "2014.09.17"]

1. e4 d5 2. exd5 Nf6 3. d4 Nxd5 4. Nf3 g6 5. c4 Nb6 6. Nc3 Bg7 7. c5 Nd5 8. Bc4
c6 9. O-O O-O 10. Re1 e6 11. Bg5 Nxc3 12. bxc3 Qa5 13. Qd2 Nd7 14. Bh6 b6 15.
cxb6 axb6 16. h4 Qh5 17. Bxg7 Kxg7 18. Qf4 c5 19. d5 exd5 20. g4 g5 21. hxg5 Qg6
22. Bxd5 Ra5 23. Re7 c4 24. Be4 1-0

[Event "Tseshkovsky Mem 2014"]
[Site "Sochi RUS"]
[Date "2014.09.25"]
[Round "9.28"]
[White "Bykova, Anastasia"]
[Black "Zakharov, Alexander"]
[Result "1/2-1/2"]
[WhiteTitle "WFM"]
[BlackTitle "IM"]
[WhiteElo "2112"]
[BlackElo "2352"]
[WhiteFideId "4164970"]
[BlackFideId "4103564"]
[EventDate "2014.09.17"]

1. d4 g6 2. e4 Bg7 3. c3 d6 4. Nf3 Nf6 5. Bd3 O-O 6. h3 c5 7. O-O Nc6 8. dxc5
dxc5 9. Qe2 Qc7 10. Rd1 a6 11. Nbd2 Nh5 12. Nf1 b5 13. Bc2 b4 14. cxb4 Nxb4 15.
Bb3 a5 16. a3 Nc6 17. Qc2 Rb8 18. Ne3 Qb7 19. Bd5 e6 20. Ba2 Nd4 21. Nxd4 cxd4
22. Ng4 Bd7 23. e5 Bc6 24. f3 Rfd8 25. Bg5 Rdc8 26. Qf2 Qxb2 27. Qxd4 Ng3 28.
Bc4 Qxd4+ 29. Rxd4 Nf5 30. Rd2 h6 31. Bf6 Bf8 32. Ba6 Bb7 33. Bxb7 Rxb7 34. Kh2
h5 35. Nf2 Bh6 36. Rd3 Bf4+ 37. Kg1 Rbc7 38. Rad1 Ne3 39. Rd8+ Kh7 40. Rxc8 Rxc8
41. Rb1 Nd5 42. Nd3 Be3+ 43. Kf1 Rc3 44. Nf2 Rxa3 45. Ne4 Bb6 46. Rc1 Ne3+ 47.
Ke2 Ra2+ 48. Kd3 Nxg2 49. Ng5+ Kh6 50. Nxf7+ Kh7 51. Ng5+ 1/2-1/2

[Event "Tseshkovsky Mem 2014"]
[Site "Sochi RUS"]
[Date "2014.09.25"]
[Round "9.29"]
[White "Bukanov, Sergei"]
[Black "Zhukov, Viktor I.1"]
[Result "1-0"]
[WhiteElo "2317"]
[BlackElo "2084"]
[WhiteFideId "4117140"]
[BlackFideId "4136195"]
[EventDate "2014.09.17"]

1. d4 Nf6 2. Nf3 g6 3. g3 Bg7 4. Bg2 d6 5. O-O O-O 6. Nc3 Nbd7 7. e4 e5 8. Re1
c6 9. h3 Re8 10. Be3 Qc7 11. Qd2 b5 12. a3 a6 13. g4 Bb7 14. Rad1 exd4 15. Nxd4
Ne5 16. Qc1 c5 17. Ndxb5 axb5 18. Nxb5 Qb6 19. Nxd6 Red8 20. Nxb7 Rxd1 21. Rxd1
Qxb7 22. f4 Nc6 23. e5 Ne8 24. Bxc5 Rc8 25. b4 Qb8 26. c4 g5 27. Rd7 Nd8 28. Ba7
Rc7 29. Bxb8 Rxd7 30. Bd5 Nc7 31. Bxc7 Rxc7 32. f5 h6 33. f6 Bf8 34. Qc2 Kh8 35.
Qf5 1-0

[Event "Tseshkovsky Mem 2014"]
[Site "Sochi RUS"]
[Date "2014.09.25"]
[Round "9.32"]
[White "Tsvetkov, Vladimir"]
[Black "Abrekov, Mussa"]
[Result "0-1"]
[WhiteElo "1862"]
[BlackElo "2237"]
[WhiteFideId "34149624"]
[BlackFideId "34134740"]
[EventDate "2014.09.17"]

1. c4 e5 2. Nc3 Nf6 3. e4 Bc5 4. d3 Nc6 5. Bg5 h6 6. Bh4 Nxe4 7. Nf3 Qxh4 8.
Nxe4 Bb4+ 9. Ned2 Qe7 10. a3 Bc5 11. Be2 a5 12. O-O d6 13. Re1 O-O 14. h3 f5 15.
Bf1 Qf6 16. Rb1 a4 17. Qe2 Bd7 18. Kh2 g5 19. g3 h5 20. Bg2 g4 21. Nh4 Nd4 22.
Qd1 Bc6 23. Rf1 Bxg2 24. Kxg2 Qg5 25. hxg4 hxg4 26. Rh1 Rae8 27. Rh2 e4 28. Nf1
Nf3 29. Nxf3 exf3+ 30. Kh1 Bd4 31. Qxa4 Re2 32. Qd7 Re7 33. Qb5 c6 34. Qb4 Rf6
35. Kg1 Rh6 36. Qd2 Qxd2 37. Nxd2 Rxh2 38. Kxh2 Bxf2 39. Nf1 Rh7# 0-1

[Event "Tseshkovsky Mem 2014"]
[Site "Sochi RUS"]
[Date "2014.09.25"]
[Round "9.38"]
[White "Gasparyan, Daniel"]
[Black "Martynyuk, Elizaveta"]
[Result "0-1"]
[WhiteElo "1820"]
[BlackElo "2083"]
[WhiteFideId "34197874"]
[BlackFideId "24128511"]
[EventDate "2014.09.17"]

1. d4 d5 2. e3 Nf6 3. Nf3 Bg4 4. b3 e6 5. Bb2 Nbd7 6. Be2 Bd6 7. Nbd2 O-O 8. O-O
c5 9. Ne5 Bxe2 10. Qxe2 Qc7 11. Ndf3 cxd4 12. exd4 Ne4 13. c4 Bxe5 14. Nxe5 Rac8
15. Rac1 Qd6 16. Rfd1 Nxe5 17. dxe5 Qa6 18. Bd4 Nc5 19. Qe3 Nd7 20. a4 dxc4 21.
Bxa7 cxb3 22. Rxc8 Rxc8 23. Rxd7 b2 24. Rd1 Qxa4 25. Rf1 Qa6 26. Qe1 Qxf1+ 0-1

[Event "Tseshkovsky Mem 2014"]
[Site "Sochi RUS"]
[Date "2014.09.25"]
[Round "9.39"]
[White "Kiriushin, Vladimir"]
[Black "Alchakov, Ratmir"]
[Result "1/2-1/2"]
[WhiteElo "2080"]
[BlackElo "1938"]
[WhiteFideId "4150848"]
[BlackFideId "24199699"]
[EventDate "2014.09.17"]

1. c4 e5 2. Nc3 Nc6 3. g3 g6 4. Bg2 d6 5. e3 Bg7 6. Nge2 Nge7 7. O-O O-O 8. Rb1
Be6 9. Nd5 f5 10. b4 e4 11. Nef4 Bf7 12. d4 g5 13. Nh5 Nxd5 14. cxd5 Bxd5 15.
Nxg7 Kxg7 16. a3 g4 17. Qc2 b5 18. Bb2 Ne7 19. Rfc1 c6 20. h3 h5 21. h4 Nc8 22.
Qc3 Nb6 23. Bf1 Kg6 24. Rd1 Rf7 25. Qc2 Na4 26. Bc1 1/2-1/2

[Event "Tseshkovsky Mem 2014"]
[Site "Sochi RUS"]
[Date "2014.09.25"]
[Round "9.40"]
[White "Bykov, Egor"]
[Black "Krapivin, Vladimir"]
[Result "1-0"]
[WhiteElo "2050"]
[BlackElo "1894"]
[WhiteFideId "34115290"]
[BlackFideId "24187232"]
[EventDate "2014.09.17"]

1. d4 Nf6 2. Nf3 e6 3. Bf4 c5 4. c3 b6 5. e3 Bb7 6. h3 Be7 7. Nbd2 Nc6 8. Bd3
cxd4 9. exd4 O-O 10. O-O Rc8 11. Re1 Re8 12. Nc4 d5 13. Nce5 Nxe5 14. Nxe5 Ne4
15. Qg4 f5 16. Qe2 Bh4 17. Rf1 Bg5 18. Bxg5 Qxg5 19. a4 Qd8 20. a5 bxa5 21. Ra3
Re7 22. Rfa1 g5 23. Rxa5 Rg7 24. Rxa7 g4 25. hxg4 fxg4 26. Nxg4 Qg5 27. Bxe4
dxe4 28. Ne3 Rf8 29. R1a5 Qh4 30. Rb5 Rff7 31. g3 Qf6 32. Ng4 Rxg4 33. Qxg4+ Kh8
34. Qf4 Qxf4 35. gxf4 Rg7+ 36. Kf1 Bc6 37. Rb8+ 1-0

[Event "Tseshkovsky Mem 2014"]
[Site "Sochi RUS"]
[Date "2014.09.25"]
[Round "9.42"]
[White "Borisov, Sergey"]
[Black "Zlydneva, Daria"]
[Result "1/2-1/2"]
[WhiteElo "2014"]
[BlackElo "1799"]
[WhiteFideId "4169301"]
[BlackFideId "24102709"]
[EventDate "2014.09.17"]

1. Nf3 c5 2. c4 Nc6 3. Nc3 g6 4. g3 Bg7 5. Bg2 Nf6 6. O-O O-O 7. d4 cxd4 8. Nxd4
Nxd4 9. Qxd4 d6 10. Rd1 Ng4 11. Qd2 Ne5 12. b3 Nc6 13. Bb2 Be6 14. Nd5 Bxd5 15.
Bxd5 Bxb2 16. Qxb2 Qb6 17. Rd2 Ne5 18. Rad1 Rac8 19. e3 Rfd8 20. Qd4 Qxd4 21.
Rxd4 b6 22. Kg2 Nc6 23. Bxc6 Rxc6 1/2-1/2

[Event "Tseshkovsky Mem 2014"]
[Site "Sochi RUS"]
[Date "2014.09.25"]
[Round "9.44"]
[White "Salamov, Khetag"]
[Black "Khristenko, Anna"]
[Result "1-0"]
[WhiteElo "1947"]
[BlackElo "1605"]
[WhiteFideId "24178462"]
[BlackFideId "24173886"]
[EventDate "2014.09.17"]

1. e4 d5 2. exd5 Qxd5 3. d4 c6 4. Nf3 Bg4 5. Be2 Nf6 6. h3 Bh5 7. O-O e6 8. c4
Qd8 9. Nc3 Bd6 10. Be3 O-O 11. Qd2 Qe7 12. Rfd1 Rd8 13. Qe1 Nbd7 14. Rd2 h6 15.
Rad1 Bg6 16. a3 Ne4 17. Nxe4 Bxe4 18. Rc1 c5 19. Qd1 Bc7 20. dxc5 Nxc5 21. b4
Rxd2 22. Nxd2 Nd3 23. Nxe4 Nxc1 24. Qxc1 f5 25. Nc5 Qd6 26. g3 b6 27. Nb3 e5 28.
c5 bxc5 29. Bxc5 Qg6 30. Bc4+ Kh8 31. Qe3 f4 32. Qd3 e4 33. Qd7 Be5 34. Qd5 Re8
35. Qf7 Qxf7 36. Bxf7 Rd8 37. gxf4 Bxf4 38. Na5 Rd1+ 39. Kg2 Rd2 40. Nc4 Rd7 41.
Bg6 e3 42. fxe3 Bb8 43. e4 Rd3 44. e5 Bxe5 45. Bxd3 1-0

[Event "Tseshkovsky Mem 2014"]
[Site "Sochi RUS"]
[Date "2014.09.25"]
[Round "9.47"]
[White "Puchko, Nikolay"]
[Black "Esipenko, Aleksandr"]
[Result "1-0"]
[WhiteElo "1885"]
[BlackElo "1633"]
[WhiteFideId "24176214"]
[BlackFideId "34125911"]
[EventDate "2014.09.17"]

1. e4 c5 2. Nf3 g6 3. c4 Bg7 4. d4 d6 5. Nc3 Nf6 6. dxc5 dxc5 7. Qxd8+ Kxd8 8.
Be3 b6 9. O-O-O+ Kc7 10. Nd5+ Nxd5 11. exd5 Bf5 12. Bf4+ Kb7 13. Re1 Bf6 14. Ng5
Bxg5 15. Bxg5 e6 16. g4 Bxg4 17. Bg2 Re8 18. dxe6+ Nc6 19. exf7 Re6 20. Rxe6
Bxe6 21. Re1 Bd7 22. Bh6 Kc7 23. Bxc6 Bxc6 24. f8=Q Rxf8 25. Bxf8 1-0

[Event "Tseshkovsky Mem 2014"]
[Site "Sochi RUS"]
[Date "2014.09.25"]
[Round "9.50"]
[White "Khristenko, Elena"]
[Black "Vorushilo, Alena"]
[Result "0-1"]
[WhiteElo "1781"]
[BlackElo "1592"]
[WhiteFideId "34143391"]
[BlackFideId "34132284"]
[EventDate "2014.09.17"]

1. d4 Nf6 2. e3 g6 3. Bd3 Bg7 4. f4 d6 5. Nf3 O-O 6. O-O c5 7. c3 Nc6 8. Qc2
cxd4 9. exd4 e6 10. h3 a6 11. g4 Ne7 12. Nh4 b5 13. f5 Bb7 14. g5 gxf5 15. gxf6
Bxf6 16. Nf3 Kh8 17. Bh6 Rg8+ 18. Kh2 Ng6 19. Bxf5 exf5 20. Qxf5 Nh4 21. Nxh4
Bxh4 22. Rg1 Qe7 23. Bg7+ Rxg7 0-1